000 00769cam a2200265 4500
001 M91468
008 090401t1998 xxu||||| |||| 00| 0 eng d
035 _a(Sirsi) u85947
041 _aeng
050 _a332.6324
110 _aSBC Warburg Dillon Read
_93626
245 _aContinental European property : monetary union, property investment and the `Euro-banana`.
260 _aLondon
_bSBC Warburg Dillon Read
_c1998
300 _a79p. ; 30cm.
350 _a0
650 _aEUROPE
650 _aMONETARY UNION
650 _aPROPERTY COMPANIES
650 _aPROPERTY INVESTMENT
650 _aPROPERTY MARKET
650 _aRENTS
690 _aPROPERTY-COMMERCIAL PROPERTY-COMMERCIAL PROPERTY FINANCE AND INVESTMENT
942 _n0
948 _c30/04/1998
999 _c97091
_d97091